000 006770000a22001810004500
003 MACL
005 20160512171401.0
008 160512b xxu||||| |||| 00| 0 eng d
040 _aMACL
_cMACL
041 _aHindi
082 _a891.431
100 _aव्‍यास, श्री उपेन्‍द्रनाथ झा
_956561
245 _aमैथिली महाभारत
_bआदि पर्व
_cश्री उपेन्‍द्रनाथ झा व्‍यास
260 _bश्री धीरेन्‍द्र कुमार झा
_aपटना
350 _a85
650 _aLiteracture
_956562
942 _cHIN
_k800/VYA/L
_2ddc
999 _c21112
_d21112